00680nam a2200229 a 45000010005000000030008000050050017000130080039000300200023000690200022000920350018001140400032001320410008001640820024001721000017001962450054002132600045002673000024003125040041003366500046003778300027004235858BD-RjUL20211208234136.0140107s1968 enk b 000 0 eng a0710062044 (cloth) a0710062141 (pbk.) a(BD-RjUL)5897 aDLCcDLCdBD-RjULdm.cbeng aeng04216a361.3bTIL 19681 aTimms, Noel.14aThe language of social casework /cby Noel Timms. aLondon :bRoutledge & Kegan Paul,c1968. ax, 116 p. ;c19 cm. aIncludes bibliographical references. 0aSocial work servicexVocational guidance. 0aLibrary of social work